[Event "Athens Smaok U1900 op 35th"]
[Site "Athens"]
[Date "2016.04.01"]
[Round "4.9"]
[White "Fotiadis, Kleanthis"]
[Black "Avramopoulos, Ioannis"]
[Result "0-1"]
[WhiteElo "1545"]
[BlackElo "1494"]
[PlyCount "73"]
[EventDate "2016.03.04"]
[EventType "swiss"]
[EventRounds "7"]
[EventCountry "GRE"]
[SourceTitle "EXT 2024"]
[Source "ChessBase"]
[SourceDate "2023.10.10"]
[SourceVersion "1"]
[SourceVersionDate "2023.10.10"]
[SourceQuality "1"]

1. e4 c5 2. Nf3 d6 3. d4 cxd4 4. Nxd4 Nf6 5. Nc3 a6 6. h3 e5 7. Nf3 Qc7 8. Bg5 Nbd7 9. a4 Be7 10. Be2 h6 11. Be3 Nc5 12. Nd2 Be6 13. 0-0 d5 14. exd5 Nxd5 15. Nxd5 Bxd5 16. c4 Bc6 17. b4 Ne6 18. b5 axb5 19. cxb5 Bd5 20. b6 Qd6 21. Bb5+ Bc6 22. Nc4 Qxd1 23. Bxc6+ Qd7 24. Bxd7+ Kxd7 25. Nxe5+ Ke8 26. Ra2 Bf6 27. Nd3 Ke7 28. Re1 Kd7 29. Rd1 Ke7 30. Bc5+ Ke8 31. Re1 Kd7 32. Bb4 Rhd8 33. Nc5+ Nxc5 34. Bxc5 Re8 35. Rd1+ Kc8 36. Rc2 Re6 37. Be7+ 0-1

[Event "Athens Smaok U1900 op 35th"]
[Site "Athens"]
[Date "2016.03.18"]
[Round "3.10"]
[White "Theodoropoulos, Alexandros"]
[Black "Fotiadis, Kleanthis"]
[Result "0-1"]
[WhiteElo "1430"]
[BlackElo "1545"]
[PlyCount "40"]
[EventDate "2016.03.04"]
[EventType "swiss"]
[EventRounds "7"]
[EventCountry "GRE"]
[SourceTitle "EXT 2024"]
[Source "ChessBase"]
[SourceDate "2023.10.10"]
[SourceVersion "1"]
[SourceVersionDate "2023.10.10"]
[SourceQuality "1"]

1. e4 c5 2. Nf3 Nc6 3. d4 cxd4 4. Nxd4 Nf6 5. Nc3 d6 6. Bc4 Bg4 7. Nde2 h6 8. 0-0 a6 9. Be3 b5 10. Bb3 e6 11. f3 Bh5 12. Nf4 g5 13. Nxe6 fxe6 14. Bxe6 Bf7 15. Nd5 Bxe6 16. Bb6 Qb8 17. Nxf6+ Kf7 18. Nd5 Ne7 19. Bd4 Rg8 20. Nc7 Qxc7 0-1

[Event "Athens Smaok-ch"]
[Site "Greece"]
[Date "2012.09.23"]
[Round "2.10"]
[White "Maroulakos, Stavros"]
[Black "Fotiadis, Kleanthis"]
[Result "1-0"]
[WhiteElo "1675"]
[BlackElo "1635"]
[PlyCount "99"]
[EventDate "2012.09.16"]
[EventType "swiss"]
[EventRounds "7"]
[EventCountry "GRE"]
[SourceTitle "EXT 2024"]
[Source "ChessBase"]
[SourceDate "2023.10.10"]
[SourceVersion "1"]
[SourceVersionDate "2023.10.10"]
[SourceQuality "1"]

1. e4 d6 2. d4 Nf6 3. Nc3 Bg4 4. Nf3 Nbd7 5. h3 Bh5 6. g4 Bg6 7. Qe2 e5 8. Bg5 Be7 9. dxe5 dxe5 10. 0-0-0 Qc8 11. Bg2 h6 12. Bh4 c6 13. Bg3 Qc7 14. Nh4 Bh7 15. Nf5 Bxf5 16. gxf5 Bd6 17. Qd2 Ke7 18. Rhf1 Nh5 19. Bh4+ f6 20. Ne2 a5 21. Bf3 Nf4 22. Nxf4 exf4 23. Rg1 Rhg8 24. Bh5 f3 25. Bg3 Bxg3 26. Rxg3 Ne5 27. Rdg1 g5 28. fxg6 Rg7 29. Qxh6 Rag8 30. Bxf3 a4 31. h4 Nc4 32. Be2 Nxb2 33. Kxb2 Qb6+ 34. Kc1 Qd4 35. Qe3 Qa1+ 36. Kd2 Rd8+ 37. Bd3 Qxa2 38. h5 Kd6 39. h6 Rgd7 40. Qf4+ Kc5 41. Qxf6 Rd4 42. g7 Qb2 43. Qf5+ Kb4 44. Qf8+ c5 45. g8Q Qc3+ 46. Ke2 Rxe4+ 47. Bxe4 Rd2+ 48. Kf1 Rd1+ 49. Kg2 Rxg1+ 50. Kxg1 1-0

[Event "Athens Smaok-ch"]
[Site "Greece"]
[Date "2012.09.16"]
[Round "1.2"]
[White "Fotiadis, Kleanthis"]
[Black "Tsagkaropoulos, Spyridon"]
[Result "1/2-1/2"]
[WhiteElo "1635"]
[BlackElo "2078"]
[PlyCount "99"]
[EventDate "2012.09.16"]
[EventType "swiss"]
[EventRounds "7"]
[EventCountry "GRE"]
[SourceTitle "EXT 2024"]
[Source "ChessBase"]
[SourceDate "2023.10.10"]
[SourceVersion "1"]
[SourceVersionDate "2023.10.10"]
[SourceQuality "1"]

1. d4 Nf6 2. Nf3 d5 3. Bf4 e6 4. e3 Be7 5. Bd3 0-0 6. 0-0 c5 7. c3 Nc6 8. Qc2 h6 9. Nbd2 b6 10. h3 Bb7 11. Ne5 Rc8 12. Ndf3 Nxe5 13. Nxe5 cxd4 14. exd4 Nd7 15. Nxd7 Qxd7 16. Qd2 Bd6 17. Be3 Bc6 18. Qe2 Rce8 19. f4 f5 20. Rf3 Kh8 21. Bf2 Qc7 22. Qd2 b5 23. Rf1 a5 24. Bh4 b4 25. g4 Bd7 26. g5 bxc3 27. bxc3 Rb8 28. g6 Bb5 29. Bxb5 Rxb5 30. Qe2 Rb6 31. Qxe6 Bxf4 32. Qxd5 Rxg6+ 33. Kh1 Bd2 34. Be1 Bxe1 35. Rxe1 f4 36. Qe5 Qb7 37. Qe4 Qf7 38. d5 Rg3 39. Ref1 Rxf3 40. Rxf3 g5 41. c4 Qf6 42. Qc2 g4 43. hxg4 Qh4+ 44. Qh2 Qe1+ 45. Qg1 Qe4 46. Qf1 Rg8 47. Qd3 Qe1+ 48. Qf1 Qe4 49. Qd3 Qe1+ 50. Qf1 1/2-1/2

[Event "Athens op 03-A"]
[Site "Athens"]
[Date "2012.03.13"]
[Round "2"]
[White "Fotiadis, Kleanthis"]
[Black "Fahouri, Nidal"]
[Result "1-0"]
[WhiteElo "1609"]
[BlackElo "1918"]
[PlyCount "43"]
[EventDate "2012.03.06"]
[EventType "swiss"]
[EventRounds "7"]
[EventCountry "GRE"]
[SourceTitle "EXT 2014"]
[Source "ChessBase"]
[SourceDate "2013.11.20"]
[SourceVersion "1"]
[SourceVersionDate "2013.11.20"]
[SourceQuality "1"]

1. d4 Nf6 2. Nf3 c5 3. c3 e6 4. Bg5 d5 5. Nbd2 Nbd7 6. e4 dxe4 7. Nxe4 cxd4 8. Qxd4 Qc7 9. Bb5 Nxe4 10. Qxe4 a6 11. Bf4 Qb6 12. Ba4 Qxb2 13. 0-0 Be7 14. Rfb1 Qxc3 15. Rc1 Qb4 16. Rc4 Qa5 17. Rxc8+ Rxc8 18. Bxd7+ Kxd7 19. Qxb7+ Kd8 20. Rd1+ Qd5 21. Rxd5+ exd5 22. Ne5 1-0

[Event "Athens Smaok op"]
[Site "Athens"]
[Date "2010.11.04"]
[Round "5.8"]
[White "Fotiadis, Kleanthis"]
[Black "Kahrimanis, Spyridon"]
[Result "1-0"]
[WhiteElo "1690"]
[BlackElo "1682"]
[PlyCount "57"]
[EventDate "2010.09.30"]
[EventType "swiss"]
[EventRounds "7"]
[EventCountry "GRE"]
[SourceTitle "EXT 2024"]
[Source "ChessBase"]
[SourceDate "2023.10.10"]
[SourceVersion "1"]
[SourceVersionDate "2023.10.10"]
[SourceQuality "1"]

1. d4 d5 2. Nf3 c6 3. e3 Bf5 4. Nbd2 Nf6 5. Nh4 e6 6. Nxf5 exf5 7. Bd3 g6 8. Qe2 Bg7 9. Nf3 0-0 10. Bd2 Re8 11. g3 Qd6 12. a3 Nbd7 13. c4 a5 14. c5 Qc7 15. 0-0 Nh5 16. Qd1 Nhf6 17. Nh4 Ne4 18. Be1 Nef6 19. Ng2 Ne4 20. f3 Nef6 21. g4 fxg4 22. Bg3 Qc8 23. fxg4 Ne4 24. Bxe4 Rxe4 25. Qf3 Qe8 26. Rae1 g5 27. Qf5 Qe7 28. Bd6 Qf6 29. Qxd7 1-0